Largest Islands in the U.S. - Statistics

General Stats
  • This quiz has been taken 25 times
  • The average score is 6 of 15
Answer Stats
Area (sq mi) State (or Territory) Island % Correct
4,028 Hawaii Hawaii Island
95%
1,401 New York Long Island
95%
3,363 Puerto Rico Puerto Rico
95%
3,588 Alaska Kodiak Island
85%
1,051 Alaska Unalaska Island
40%
2,577 Alaska Prince of Wales Island
25%
1,983 Alaska St. Lawrence Island
25%
1,570 Alaska Baranof Island
20%
1,684 Alaska Admiralty Island
15%
2,080 Alaska Chichagof Island
15%
1,086 Alaska Kupreanof Island
15%
1,625 Alaska Nunivak Island
15%
1,145 Alaska Revillagigedo Island
15%
843 Alaska Nelson Island
10%
1,590 Alaska Unimak Island
10%
No matching quizzes found
Score Distribution
Percent of People with Each Score
Percentile by Number Answered
Your Score History
You have not taken this quiz